Maimónides ante la razón y la fe

Uloženo v:
Podrobná bibliografie
Hlavní autor: Zelkovicz, Hirsh
Médium: Kniha
Jazyk:Undetermined
Vydáno: San José, Costa Rica Imprenta Nacional 1985
Témata:
Tagy: Přidat tag
Žádné tagy, Buďte první, kdo vytvoří štítek k tomuto záznamu!

MARC

LEADER 00000nam a2200000Ia 4500
008 170316s9999 xx 000 0 und d
090 |a 230 Z-2m 
100 |a Zelkovicz, Hirsh 
245 |a Maimónides ante la razón y la fe 
260 |a San José, Costa Rica 
260 |b Imprenta Nacional 
260 |c 1985 
300 |a 80 páginas 
650 |a TEOLOGÍA 
999 |c 18110  |d 18110 
040 |a cru BVZT 
942 |c 15 D  |h 230 Z-2m  |2 z